000 00569nam a2200181Ia 4500
003 GCL
008 140319s9999 xx 000 0 ara d
040 _aGCL /
_cGCL
082 0 4 _a128.1
_bم ف
100 1 _aمقداد يالجن
245 1 0 _aفلسفة الحياة الروحية : منابعها ومشاربها ونشأتها ونشأة التصوف والطرق الصوفية /
_cمقداد يالجن
300 _a160 ص
490 _a
650 0 4 _aالفلسفة
650 0 4 _aالتصوف الاسلامى
650 0 4 _aالروح
942 _2ddc
_cBK
999 _c40944
_d40944